The transformation of a religious landscape : (Record no. 94293)

MARC details
000 -LEADER
campo de control de longitud fija 02365cam a22006014a 4500
001 - NÚMERO DE CONTROL
campo de control 53698
005 - FECHA Y HORA DE LA ÚLTIMA TRANSACCIÓN
campo de control 20230410142348.0
008 - DATOS DE LONGITUD FIJA--INFORMACIÓN GENERAL
campo de control de longitud fija 051221s2006 nyubj b 001 0 eng c
010 ## - NÚMERO DE CONTROL DE LA BIBLIOTECA DEL CONGRESO
Número de control de LC 2005037248
035 ## - NÚMERO DE CONTROL DEL SISTEMA
Número de control de sistema (OCoLC)ocm62789917
040 ## - FUENTE DE CATALOGACIÓN
Centro catalogador/agencia de origen NIC/DLC
Centro/agencia transcriptor DLC
Centro/agencia modificador BAKER
-- UKM
-- C#P
-- IXA
-- YUS
-- COO
-- PUL
-- IG#
-- BTCTA
-- YDXCP
-- LVB
-- NLGGC
015 ## - NÚMERO DE BIBLIOGRAFÍA NACIONAL
Número de bibliografía nacional GBA648076
Fuente bnb
016 7# - NÚMERO DE CONTROL DE UNA AGENCIA BIBLIOGRÁFICA NACIONAL
Número de control del registro 013470292
Fuente Uk
020 ## - NÚMERO INTERNACIONAL ESTÁNDAR DEL LIBRO
Número Internacional Estándar del Libro 0801444039 (cloth : alk. paper)
020 ## - NÚMERO INTERNACIONAL ESTÁNDAR DEL LIBRO
Número Internacional Estándar del Libro 9780801444036 (cloth : alk. paper)
029 1# - OTRO NÚMERO DE CONTROL DE SISTEMA (OCLC)
Identificador de la biblioteca OCLC IG#
Número de control de sistema 0801444039
029 1# - OTRO NÚMERO DE CONTROL DE SISTEMA (OCLC)
Identificador de la biblioteca OCLC YDXCP
Número de control de sistema 2373787
029 1# - OTRO NÚMERO DE CONTROL DE SISTEMA (OCLC)
Identificador de la biblioteca OCLC NLGGC
Número de control de sistema 291680097
029 1# - OTRO NÚMERO DE CONTROL DE SISTEMA (OCLC)
Identificador de la biblioteca OCLC NZ1
Número de control de sistema 10637324
035 ## - NÚMERO DE CONTROL DEL SISTEMA
Número de control de sistema (OCoLC)62789917
042 ## - CÓDIGO DE AUTENTICACIÓN
Código de autenticación pcc
043 ## - CÓDIGO DE ÁREA GEOGRÁFICA
Código de área geográfica e-it---
050 14 - SIGNATURA TOPOGRÁFICA DE LA BIBLIOTECA DEL CONGRESO
Número de clasificación BX1546.S26
Número de ítem R183t 2006
082 00 - NÚMERO DE LA CLASIFICACIÓN DECIMAL DEWEY
Número de clasificación 274.5/7403
Número de edición 22
084 ## - OTRO NÚMERO DE CLASIFICACIÓN
Número de clasificación 11.52
Fuente del número bcl
049 ## - FONDOS LOCALES (OCLC)
Biblioteca depositaria GRAL
100 1# - ENTRADA PRINCIPAL--NOMBRE DE PERSONA
Nombre de persona Ramseyer, Valerie.
245 14 - MENCIÓN DEL TÍTULO
Título The transformation of a religious landscape :
Resto del título medieval southern Italy, 850-1150 /
Mención de responsabilidad, etc. Valerie Ramseyer.
260 ## - PUBLICACIÓN, DISTRIBUCIÓN, ETC.
Lugar de publicación, distribución, etc. Ithaca, N.Y. :
Nombre del editor, distribuidor, etc. Cornell University Press,
Fecha de publicación, distribución, etc. 2006.
300 ## - DESCRIPCIÓN FÍSICA
Extensión xiv, 222 p. :
Otras características físicas maps, geneal. tables ;
Dimensiones 25 cm.
490 1# - MENCIÓN DE SERIE
Mención de serie Conjunctions of religion and power in the medieval past
504 ## - NOTA DE BIBLIOGRAFÍA, ETC.
Nota de bibliografía, etc. Includes bibliographical references (p. [197]-213) and index.
651 #0 - PUNTO DE ACCESO ADICIONAL DE MATERIA--NOMBRE GEOGRÁFICO
Nombre geográfico Salerno (Italy : Province)
Subdivisión general Church history.
610 20 - PUNTO DE ACCESO ADICIONAL DE MATERIA--NOMBRE DE ENTIDAD CORPORATIVA
Nombre de entidad corporativa o nombre de jurisdicción como elemento de entrada Catholic Church
Subdivisión geográfica Italy
-- Salerno (Province)
Subdivisión general History.
610 20 - PUNTO DE ACCESO ADICIONAL DE MATERIA--NOMBRE DE ENTIDAD CORPORATIVA
Nombre de entidad corporativa o nombre de jurisdicción como elemento de entrada Abbazia della Trinitáa della Cava (Cava de' Tirreni, Italy)
Subdivisión general History.
651 #0 - PUNTO DE ACCESO ADICIONAL DE MATERIA--NOMBRE GEOGRÁFICO
Nombre geográfico Italy, Southern
Subdivisión general History
Subdivisión cronológica 535-1268.
610 26 - PUNTO DE ACCESO ADICIONAL DE MATERIA--NOMBRE DE ENTIDAD CORPORATIVA
Nombre de entidad corporativa o nombre de jurisdicción como elemento de entrada âEglise catholique
Subdivisión geográfica Italie
-- Salerne (Province)
Subdivisión general Histoire.
610 26 - PUNTO DE ACCESO ADICIONAL DE MATERIA--NOMBRE DE ENTIDAD CORPORATIVA
Nombre de entidad corporativa o nombre de jurisdicción como elemento de entrada Abbazia della Trinitáa della Cava (Cava de' Tirreni, Italie)
Subdivisión general Histoire.
651 #6 - PUNTO DE ACCESO ADICIONAL DE MATERIA--NOMBRE GEOGRÁFICO
Nombre geográfico Salerne (Italie : Province)
Subdivisión general Histoire religieuse.
651 #6 - PUNTO DE ACCESO ADICIONAL DE MATERIA--NOMBRE GEOGRÁFICO
Nombre geográfico Mezzogiorno (Italie)
Subdivisión general Histoire
Subdivisión cronológica 535-1268.
650 17 - PUNTO DE ACCESO ADICIONAL DE MATERIA--TÉRMINO DE MATERIA
Término de materia o nombre geográfico como elemento de entrada Gregoriaanse reformatie.
Fuente del encabezamiento o término gtt
650 17 - PUNTO DE ACCESO ADICIONAL DE MATERIA--TÉRMINO DE MATERIA
Término de materia o nombre geográfico como elemento de entrada Landinrichting.
Fuente del encabezamiento o término gtt
651 #7 - PUNTO DE ACCESO ADICIONAL DE MATERIA--NOMBRE GEOGRÁFICO
Nombre geográfico Zuid-Italièe.
Fuente del encabezamiento o término gtt
830 #0 - PUNTO DE ACCESO ADICIONAL DE SERIE-TÍTULO UNIFORME
Título uniforme Conjunctions of religion & power in the medieval past.
856 41 - LOCALIZACIÓN Y ACCESO ELECTRÓNICOS
Materiales especificados Table of contents
Identificador Uniforme de Recursos <a href="http://www.loc.gov/catdir/toc/ecip065/2005037248.html">http://www.loc.gov/catdir/toc/ecip065/2005037248.html</a>
938 ## -
-- Baker & Taylor
-- BKTY
-- 42.50
-- 42.50
-- 0801444039
-- 0006648368
-- active
938 ## -
-- Ingram
-- INGR
-- 0801444039
938 ## -
-- Baker and Taylor
-- BTCP
-- 2005037248
938 ## -
-- YBP Library Services
-- YANK
-- 2373787
942 ## - ELEMENTOS DE ENTRADA SECUNDARIOS (KOHA)
Fuente del sistema de clasificación o colocación Clasificación de Library of Congress
Tipo de ítem Koha
994 ## -
-- C0
-- DRFGD
946 ## - PROCESAMIENTO DE INFORMACIÓN LOCAL (OCLC)
a csexposito
Holdings
Estatus retirado Estado de pérdida Fuente del sistema de clasificación o colocación Estado de daño No para préstamo Colección Biblioteca de origen Biblioteca actual Ubicación en estantería Fecha de adquisición Serial enumeration / chronology Signatura topográfica completa Código de barras Visto por última vez Copia número Tipo de ítem Koha
    Clasificación de Library of Congress     Humanidades Biblioteca Juan Bosch Biblioteca Juan Bosch Humanidades (4to. Piso) 10/04/2023 3 BX1546.S26 R183t 2006 00000055036 17/11/2018 1